Solidaridad : voz de la insurgencia obrera y popular : Organo del Sindicato de Trabajadores Electricistas de la República Mexicana : número 83, tercera época, 1° de enero de 1973 /
Guardado en:
MARC
| LEADER | 00000nam^a2200000^a^4500 | ||
|---|---|---|---|
| 001 | 000630294 | ||
| 005 | 20260410000000.0 | ||
| 009 | 20260410195519.152 | ||
| 037 | |a Acervo ITESO - Biblioteca | ||
| 041 | |a ESP | ||
| 082 | |a 333. 79320972 |b SOL S. 3 V. 83-97 | ||
| 110 | |a Sindicato de Trabajadores Electricistas de la República Mexicana | ||
| 240 | 1 | 1 | |a [Solidaridad: Organo del Sindicato de Trabajadores Electricistas de la República Mexicana] |
| 245 | 1 | 0 | |a Solidaridad : |b voz de la insurgencia obrera y popular : Organo del Sindicato de Trabajadores Electricistas de la República Mexicana : número 83, tercera época, 1° de enero de 1973 / |c STERM ; dir. de R. Galván, F. Martínez de la Vega, R.F. Peña. |
| 264 | 1 | |a México : |b Sindicato de Trabajadores Electricistas de la República Mexicana, |c 1973 | |
| 300 | |a [484] p. | ||
| 336 | |a texto |b txt |2 rdacontenido | ||
| 337 | |a sin mediación |b n |2 rdamedio | ||
| 338 | |a volumen |b nc |2 rdasoporte | ||
| 440 | 1 | |a (Solidaridad. Organo del Sindicato de Trabajadores Electricistas de la República Mexicana ; |v 3/83) | |
| 440 | 1 | |a (Solidaridad. Organo del Sindicato de Trabajadores Electricistas de la República Mexicana ; |v 3/84) | |
| 440 | 1 | |a (Solidaridad. Organo del Sindicato de Trabajadores Electricistas de la República Mexicana ; |v 3/85) | |
| 440 | 1 | |a (Solidaridad. Organo del Sindicato de Trabajadores Electricistas de la República Mexicana ; |v 3/86) | |
| 440 | 1 | |a (Solidaridad. Organo del Sindicato de Trabajadores Electricistas de la República Mexicana ; |v 3/87) | |
| 440 | 1 | |a (Solidaridad. Organo del Sindicato de Trabajadores Electricistas de la República Mexicana ; |v 3/88) | |
| 440 | 1 | |a (Solidaridad. Organo del Sindicato de Trabajadores Electricistas de la República Mexicana ; |v 3/89) | |
| 440 | 1 | |a (Solidaridad. Organo del Sindicato de Trabajadores Electricistas de la República Mexicana ; |v 3/90) | |
| 440 | 1 | |a (Solidaridad. Organo del Sindicato de Trabajadores Electricistas de la República Mexicana ; |v 3/91) | |
| 440 | 1 | |a (Solidaridad. Organo del Sindicato de Trabajadores Electricistas de la República Mexicana ; |v 3/92) | |
| 440 | 1 | |a (Solidaridad. Organo del Sindicato de Trabajadores Electricistas de la República Mexicana ; |v 3/93) | |
| 440 | 1 | |a (Solidaridad. Organo del Sindicato de Trabajadores Electricistas de la República Mexicana ; |v 3/94) | |
| 440 | 1 | |a (Solidaridad. Organo del Sindicato de Trabajadores Electricistas de la República Mexicana ; |v 3/95) | |
| 440 | 1 | |a (Solidaridad. Organo del Sindicato de Trabajadores Electricistas de la República Mexicana ; |v 3/96) | |
| 440 | 1 | |a (Solidaridad. Organo del Sindicato de Trabajadores Electricistas de la República Mexicana ; |v 3/97) | |
| 501 | |a Encuadernación particular | ||
| 567 | |a Catalogación rápida | ||
| 649 | |a XX | ||
| 650 | |a Sindicato de Trabajadores Electricistas de la República Mexicana - |x Publicaciones Periódicas - |x Tema Principal | ||
| 650 | |a Sindicalismo - |z México - |x Publicaciones Periódicas - |x Tema Principal | ||
| 650 | |a Sindicalismo - |z México | ||
| 650 | |a Industria Eléctrica - |z México - |x Publicaciones Periódicas - |x Tema Principal | ||
| 650 | |a Industria Eléctrica - |z México | ||
| 650 | |a Política Energética - |z México - |x Historia - |y 1970-1976 | ||
| 650 | |a Política Energética - |z México - |x Historia - |y Siglo XX | ||
| 650 | |a Política - |z México - |x Historia - |y 1970-1976 | ||
| 650 | |a Política - |z México - |x Historia - |y Siglo XX | ||
| 650 | |a Política - |x Publicaciones Periódicas Mexicanas | ||
| 650 | |a Publicaciones Periódicas Mexicanas | ||
| 650 | |a Publicaciones Periódicas | ||
| 700 | |a Galván, Rafael |e (dirección) | ||
| 700 | |a Martínez de la Vega, Francisco |e (dirección) | ||
| 700 | |a Peña, Rodolfo F. |e (dirección) | ||
| 740 | 0 | |a Solidaridad : |b voz de la insurgencia obrera y popular : Organo del Sindicato de Trabajadores Electricistas de la República Mexicana : número 84, tercera época, 16 de enero de 1973 / |c STERM ; dir. de R. Galván, F. Martínez de la Vega, R.F. Peña. | |
| 740 | 0 | |a Solidaridad : |b voz de la insurgencia obrera y popular : Organo del Sindicato de Trabajadores Electricistas de la República Mexicana : número 85, tercera época, 1° de febrero de 1973 / |c STERM ; dir. de R. Galván, F. Martínez de la Vega, R.F. Peña. | |
| 740 | 0 | |a Solidaridad : |b voz de la insurgencia obrera y popular : Organo del Sindicato de Trabajadores Electricistas de la República Mexicana : número 86-87, tercera época, 1° de marzo de 1973 / |c STERM ; dir. de R. Galván, F. Martínez de la Vega, R.F. Peña. | |
| 740 | 0 | |a Solidaridad : |b voz de la insurgencia obrera y popular : Organo del Sindicato de Trabajadores Electricistas de la República Mexicana : número 88, tercera época, marzo 16 de 1973 / |c STERM ; dir. de R. Galván, F. Martínez de la Vega, R.F. Peña. | |
| 740 | 0 | |a Solidaridad : |b voz de la insurgencia obrera y popular : Organo del Sindicato de Trabajadores Electricistas de la República Mexicana : número 89, tercera época, 1° de abril de 1973 / |c STERM ; dir. de R. Galván, F. Martínez de la Vega, R.F. Peña. | |
| 740 | 0 | |a Solidaridad : |b voz de la insurgencia obrera y popular : Organo del Sindicato de Trabajadores Electricistas de la República Mexicana : número 90, tercera época, 16 de abril de 1973 / |c STERM ; dir. de R. Galván, F. Martínez de la Vega, R.F. Peña. | |
| 740 | 0 | |a Solidaridad : |b voz de la insurgencia obrera y popular : Organo del Sindicato de Trabajadores Electricistas de la República Mexicana : número 91-92, tercera época, 16 de mayo de 1973 / |c STERM ; dir. de R. Galván, F. Martínez de la Vega, R.F. Peña. | |
| 740 | 0 | |a Solidaridad : |b voz de la insurgencia obrera y popular : Organo del Sindicato de Trabajadores Electricistas de la República Mexicana : número 93, tercera época, 1° de junio de 1973 / |c STERM ; dir. de R. Galván, F. Martínez de la Vega, R.F. Peña. | |
| 740 | 0 | |a Solidaridad : |b voz de la insurgencia obrera y popular : Organo del Sindicato de Trabajadores Electricistas de la República Mexicana : número 94, tercera época, 16 de junio de 1973 / |c STERM ; dir. de R. Galván, F. Martínez de la Vega, R.F. Peña. | |
| 740 | 0 | |a Solidaridad : |b voz de la insurgencia obrera y popular : Organo del Sindicato de Trabajadores Electricistas de la República Mexicana : número 95, tercera época, 1° de julio de 1973 / |c STERM ; dir. de R. Galván, F. Martínez de la Vega, R.F. Peña. | |
| 740 | 0 | |a Solidaridad : |b voz de la insurgencia obrera y popular : Organo del Sindicato de Trabajadores Electricistas de la República Mexicana : número 96 y 97, tercera época, 1° de agosto de 1973 / |c STERM ; dir. de R. Galván, F. Martínez de la Vega, R.F. Peña. | |
| 910 | |a Fondo Castillo-Martínez | ||
| 920 | |a Impresos - Libros | ||
| 930 | |a Fondos Especiales | ||
| 905 | |a 127 | ||
| 901 | |a 630294-10 |b IT2 |c ESP |i D128743 |u 20260410 | ||
| 902 | |a https://opac.biblio.iteso.mx/vufind/Record/000630294 | ||